00614nam a2200169 i 450000100060000000300090000600500170001500700030003200800410003510000510007624500830012726000370021030000220024785200320026999900170030195201260031874747ES-MaACL20250627063637.0t|040920s1960 sp ||||1| spa d1 aGonzález Ruiz, Nicolás, d1897-196795894614aLos hermanos enemigos b: Mao-Tse, Jruschef / cpor Nicolás González Ruiz. aBarcelona : bCervantes, c1960. a152 p. ; c19 cm. aES-MaACLjC-20175 bR.48132 c74747d74747 00104070aATENEOMbATENEOMcGaleríad2008-01-17eSCl0oC-20175p1078243r2023-02-23 00:00:00w2023-02-23yMONOGRAFIA